Biggest Metro areas in the Americas - Statistics

General Stats
  • This quiz has been taken 32 times
  • The average score is 29 of 50
Answer Stats
Population in Millions City Name % Correct
12.87 Million Los Angeles
96%
19.56 Million New York City
96%
12.02 Million Rio de Janeiro
93%
20.74 Million Sao Paulo
89%
7.37 Million Houston
86%
11.80 Million Lima
86%
4.58 Million San Francisco
86%
12.77 Million Bogota
82%
4.90 Million Boston
82%
3.55 Million Brasilia
82%
5.24 Million Caracas
82%
21.8 Million Mexico City
82%
6.90 Million Santiago
82%
9.27 Million Chicago
79%
6.241 Million Philadelphia
79%
13.99 Million Buenos Aires
75%
4.03 Million Seattle
75%
6.27 Million Washington
75%
4.29 Million Montreal
71%
4.27 Million Santo Domingo
71%
6.237 Million Atlanta
68%
6.19 Million Belo Horizonte
68%
2.99 Million Denver
68%
4.07 Million Medellin
68%
2.89 Million Quito
68%
6.20 Million Toronto
68%
5.34 Million Monterrey
64%
4.41 Million Porto Alegre
64%
3.16 Million San Jose
64%
2.84 Million Cali
61%
3.16 Million Guatemala City
61%
3.74 Million Recife
61%
5.29 Million Guadalajara
57%
3.92 Million Salvador
57%
2.84 Million Baltimore
54%
2.92 Million Port-au-Prince
54%
4.17 Million Fortaleza
50%
3.09 Million Guayaquil
50%
3.66 Million Campinas
36%
7.94 Million Dallas-Fort Worth
29%
5.28 Million Maracaibo
29%
4.67 Million Riverside
29%
6.14 Million Miami-Fort Lauderdale
18%
3.29 Million Tampa- St.Petersburg
18%
3.69 Million Minneapolis-St. Paul
14%
3.20 Million Puebla-Tlaxcala
7%
3.73 Million Curtiba
4%
5.98 Million Detroit-Windsor
4%
5.02 Million Pheonix
4%
5.43 Million San Diego-Tijuana
4%
No matching quizzes found
Score Distribution
Percent of People with Each Score
Percentile by Number Answered
Your Score History
You have not taken this quiz